Normal view
MARC view
Entry Personal Name
001 - CONTROL NUMBER
- control field: 13219
003 - CONTROL NUMBER IDENTIFIER
- control field: OSt
005 - DATE AND TIME OF LATEST TRANSACTION
- control field: 20220525154239.0
008 - FIXED-LENGTH DATA ELEMENTS
- fixed length control field: 220525|| aca||aabn | a|a d
040 ## - CATALOGING SOURCE
- Original cataloging agency: OSt
- Transcribing agency: OSt
100 ## - HEADING--PERSONAL NAME
- Personal name: K.S.Chandrasekaraiah
670 ## - SOURCE DATA FOUND
- Source citation: Work cat.: (OSt): K.S.Chandrasekaraiah, Calculus and Differential equations, 2022